000
00306nam a22001337a 4500
008
250625b |||||||| |||| 00| 0 eng d
020
_a
0070465886
050
_a
HD66.N55
100
_a
NILSON Carolynn
245
_a
Team games
260
_a
New york
_b
Mcccgraw Hill
_c
1993
300
_a
XXI322
942
_c
BK
999
_c
3971
_d
3971